000 00600nam a22002177a 4500
003 UA-OsUOA
001 7111
007 ta
008 20040220b un ||||| |||| 00| 0 ukr d
090 _a159.9+364(05)
942 _cBK
040 _aUA-OsUOA
_bukr
_cUA-OsUOA
_dUA-OsUOA
245 _aПрактична психологія та соціальна робота
_bНауково-практичний, освітньо-методичний журнал
955 _a0
041 _aukr
080 _a159.9+364(05)
260 _aК.
_c1997
044 _aUA
650 7 _2UDC
999 _c293272
_d293272